Подробности
| 000 -МАРКЕР |
| контрольное поле |
01557nam2a2200253 4500 |
| 001 - ИДЕНТИФИКАТОР ЗАПИСИ |
| контрольное поле |
RU\NLR\BIBL_A\021983593 |
| 005 - ИДЕНТИФИКАТОР ВЕРСИИ |
| контрольное поле |
20250625073831.0 |
| 010 ## - МЕЖДУНАРОДНЫЙ СТАНДАРТНЫЙ НОМЕР КНИГИ (ISBN) |
| Номер (ISBN) |
978-5-346-05059-9 |
| Уточнения |
ч. 3 |
| 021 ## - НОМЕР ГОСУДАРСТВЕННОЙ РЕГИСТРАЦИИ |
| Код страны |
российская федерация |
| Номер |
2023-38365 |
| Номер Листа государственной регистраци |
КН-П-3822 |
| 035 ## - ДРУГИЕ СИСТЕМНЫЕ НОМЕРА |
| Идентификатор записи |
(NLR Aleph) 021983593 |
| 100 ## - ДАННЫЕ ОБЩЕЙ ОБРАБОТКИ |
| Данные общей обработки |
20230719d2023 |||y0rusy50 ca |
| 101 0# - ЯЗЫК РЕСУРСА |
| Язык текста, звукозаписи и т.д. |
русский |
| 102 ## - СТРАНА ПУБЛИКАЦИИ ИЛИ ПРОИЗВОДСТВА |
| Страна публикации |
российская федерация |
| 105 ## - ПОЛЕ КОДИРОВАННЫХ ДАННЫХ: ТЕКСТОВЫЕ МАТЕРИАЛЫ, МОНОГРАФИЧЕСКИЕ |
| Кодированные данные о монографическом текстовом документе |
a j 000zy |
| 200 0# - ЗАГЛАВИЕ И СВЕДЕНИЯ ОБ ОТВЕТСТВЕННОСТИ |
| Основное заглавие |
Ч. 3 |
| Первые сведения об ответственности |
Г. Г. Граник, Н. А. Борисенко, Г. Н. Владимирская, С. В. Шишкова |
| 210 ## - ПУБЛИКАЦИЯ, РАСПРОСТРАНЕНИЕ И ДР. |
| Дата издания, распространения и т.д. |
2023 |
| Место издания, распространения и т.д. |
Б. м. |
| 215 ## - ФИЗИЧЕСКАЯ ХАРАКТЕРИСТИКА |
| Специфическое обозначение материала и объем |
95 с., [2] л. цв. ил. |
| Другие сведения о физической характеристике |
табл. |
| 461 #0 - УРОВЕНЬ НАБОРА |
| Встроенное поле |
001RU\NLR\BIBL_A\021983587 |
| -- |
2001#$aРусский язык$e6 класс$eучебник для общеобразовательных учреждений$eв трёх частях$fГ. Г. Граник, Н. А. Борисенко, Г. Н. Владимирская, С. М. Бондаренко$gпод общей редакцией академика РАО Г. Г. Граник$vЧ. 3 |
| Системный номер (АБИС) связанной записи |
12406247 |
| Место публикации |
Москва |
| Дата публикации |
2023 |
| Издание |
6-е изд., перераб. |
| Первые сведения об ответственности |
Г. Г. Граник, Н. А. Борисенко, Г. Н. Владимирская, С. М. Бондаренко |
| Имя издателя, распространителя и т.д. |
Мнемозина |
| Сведения, относящиеся к заглавию |
6 класс : учебник для общеобразовательных учреждений : в трёх частях |
| Физическая характеристика |
22 |
| Заглавие |
Русский язык |
| ISBN |
9785346050568 |
| Номер тома |
Ч. 3 |
| 701 #1 - ИМЯ ЛИЦА - АЛЬТЕРНАТИВНАЯ ОТВЕТСТВЕННОСТЬ |
| Начальный элемент ввода |
Шишкова |
| Часть имени, кроме начального элемента ввода |
С. В. |
| Расширение инициалов личного имени |
Светлана Викторовна |
| 942 ## - ДОПОЛНИТЕЛЬНЫЕ ЭЛЕМЕНТЫ ЗАПИСИ (АБИС) |
| Тип экземпляра АБИС |
Книга |
| 980 ## - КОЛЛЕКЦИЯ |
| Название коллекции |
Национальная библиография |